[Event "IMP Kobiet do lat 20"]
[Site "Chotowa"]
[Date "2023.10.31"]
[Round "3.7"]
[White "Smietanska, Wiktoria"]
[Black "Siekanska, Zuzanna"]
[Result "1-0"]
[BlackElo "1885"]
[WhiteElo "2071"]
[LiveChessVersion "1.4.8"]

1. e4 {[%clk 1:30:58]} e5 {[%clk 1:30:36]} 2. Nf3 {[%clk 1:31:21]} Nc6
{[%clk 1:31:01]} 3. Bb5 {[%clk 1:31:40]} a6 {[%clk 1:31:24]} 4. Ba4
{[%clk 1:32:02]} Nf6 {[%clk 1:31:33]} 5. O-O {[%clk 1:32:25]} Be7
{[%clk 1:31:56]} 6. Re1 {[%clk 1:32:46]} b5 {[%clk 1:32:21]} 7. Bb3
{[%clk 1:33:06]} d6 {[%clk 1:32:43]} 8. c3 {[%clk 1:33:08]} O-O {[%clk 1:33:04]}
9. h3 {[%clk 1:33:29]} Na5 {[%clk 1:33:08]} 10. Bc2 {[%clk 1:33:50]} c5
{[%clk 1:33:33]} 11. d4 {[%clk 1:33:50]} Qc7 {[%clk 1:33:58]} 12. Nbd2
{[%clk 1:33:36]} Bd7 {[%clk 1:34:14]} 13. d5 {[%clk 1:31:56]} Nb7
{[%clk 1:31:36]} 14. Nf1 {[%clk 1:29:30]} Ne8 {[%clk 1:30:07]} 15. g4
{[%clk 1:24:49]} g6 {[%clk 1:30:24]} 16. Ng3 {[%clk 1:23:35]} Ng7
{[%clk 1:30:46]} 17. Bh6 {[%clk 1:19:51]} c4 {[%clk 1:30:34]} 18. Kh2
{[%clk 1:12:17]} f6 {[%clk 1:30:45]} 19. Be3 {[%clk 1:06:44]} Nd8
{[%clk 1:28:43]} 20. Nd2 {[%clk 1:04:17]} Nf7 {[%clk 1:27:45]} 21. Qe2 Rfc8
{[%clk 1:26:13]} 22. h4 {[%clk 1:01:04]} Rcb8 {[%clk 1:18:53]} 23. f3
{[%clk 0:55:25]} Kh8 {[%clk 1:16:53]} 24. Rg1 {[%clk 0:51:23]} Rf8 25. Bf2
{[%clk 0:35:37]} Bd8 {[%clk 1:06:10]} 26. a4 {[%clk 0:31:50]} Qb7
{[%clk 1:04:47]} 27. Ra2 {[%clk 0:29:08]} Bb6 {[%clk 1:04:22]} 28. Rga1
{[%clk 0:27:16]} Bxf2 {[%clk 1:02:10]} 29. Qxf2 {[%clk 0:27:37]} Rfc8
{[%clk 1:01:21]} 30. axb5 {[%clk 0:25:41]} Bxb5 {[%clk 1:01:39]} 31. Ngf1
{[%clk 0:25:11]} Qe7 {[%clk 0:54:57]} 32. Ne3 {[%clk 0:24:01]} Rc5
{[%clk 0:48:20]} 33. Bd1 {[%clk 0:20:22]} Rf8 {[%clk 0:38:03]} 34. Be2
{[%clk 0:12:42]} f5 {[%clk 0:36:51]} 35. Qe1 {[%clk 0:12:57]} fxg4 36. fxg4 Nh6
{[%clk 0:27:45]} 37. Qg3 {[%clk 0:12:04]} Rf4 {[%clk 0:25:29]} 38. Ng2
{[%clk 0:08:45]} Rf7 {[%clk 0:24:03]} 39. Rf1 {[%clk 0:08:07]} Rxf1
{[%clk 0:44:45]} 40. Bxf1 Rc8 41. Be2 {[%clk 0:35:16]} Qf7 {[%clk 0:35:16]} 42.
Ra1 {[%clk 0:32:35]} Qb7 {[%clk 0:22:01]} 43. Ne3 {[%clk 0:28:43]} Ng8
{[%clk 0:22:01]} 44. Bxc4 {[%clk 0:28:43]} Nf6 {[%clk 0:15:29]} 45. Rf1
{[%clk 0:17:11]} Qe7 {[%clk 0:15:54]} 46. Bxb5 {[%clk 0:17:11]} axb5
{[%clk 0:14:25]} 47. Ra1 {[%clk 0:16:13]} Qb7 {[%clk 0:13:30]} 48. Qg2
{[%clk 0:12:00]} Qb6 {[%clk 0:12:14]} 49. Re1 {[%clk 0:09:30]} Rf8 50. Qg3
{[%clk 0:09:03]} Kg8 {[%clk 0:12:05]} 51. Kh3 {[%clk 0:09:03]} b4
{[%clk 0:11:49]} 52. Nec4 {[%clk 0:08:14]} Qb8 {[%clk 0:12:04]} 53. cxb4
{[%clk 0:06:19]} Qxb4 {[%clk 0:07:30]} 54. Qa3 {[%clk 0:04:36]} Qb7
{[%clk 0:06:54]} 55. Qxd6 {[%clk 0:01:55]} Nxg4 {[%clk 0:04:36]} 56. Kxg4
{[%clk 0:01:55]} Qc8+ {[%clk 0:04:36]} 57. Kg3 {[%clk 0:02:16]} Nh5+
{[%clk 0:02:58]} 58. Kh2 {[%clk 0:02:08]} Nf4 {[%clk 0:01:26]} 59. Qa3
{[%clk 0:02:04]} Qd8 {[%clk 0:01:00]} 60. Qg3 {[%clk 0:01:19]} Nh5
{[%clk 0:01:20]} 61. Qg5 {[%clk 0:01:21]} Qc8 {[%clk 0:00:34]} 62. Rg1
{[%clk 0:00:37]} Nf4 {[%clk 0:00:58]} 63. Qg4 {[%clk 0:00:47]} Qc5
{[%clk 0:01:12]} 64. Rf1 {[%clk 0:00:43]} Qd4 {[%clk 0:01:14]} 65. Rf3
{[%clk 0:00:40]} Rb8 {[%clk 0:00:42]} 66. Rxf4 {[%clk 0:00:41]} exf4
{[%clk 0:00:58]} 67. Qe6+ {[%clk 0:00:37]} Kg7 {[%clk 0:00:33]} 68. Qe7+
{[%clk 0:00:41]} Kg8 {[%clk 0:00:51]} 69. Qe6+ {[%clk 0:01:01]} Kg7
{[%clk 0:01:15]} 70. Qe5+ {[%clk 0:01:17]} Qxe5 {[%clk 0:01:40]} 71. Nxe5
{[%clk 0:01:45]} Rxb2 {[%clk 0:01:45]} 72. Nec4 {[%clk 0:01:48]} Rb4
{[%clk 0:01:20]} 73. Kg2 {[%clk 0:01:46]} h6 {[%clk 0:01:07]} 74. e5
{[%clk 0:01:46]} Rb5 {[%clk 0:01:07]} 75. d6 {[%clk 0:01:48]} Rd5
{[%clk 0:01:20]} 76. Kf3 {[%clk 0:01:28]} g5 {[%clk 0:01:17]} 77. Ke4
{[%clk 0:01:25]} Rb5 {[%clk 0:01:30]} 78. d7 {[%clk 0:01:08]} Rb8
{[%clk 0:01:50]} 79. Nd6 {[%clk 0:00:38]} Kf8 {[%clk 0:01:48]} 80. Nc8
{[%clk 0:00:55]} 1-0

[Event "IMP Kobiet do lat 20"]
[Site "Chotowa"]
[Date "2023.10.31"]
[Round "3.8"]
[White "Sprzeczka, Emilia"]
[Black "Siekanska, Maria"]
[Result "1/2-1/2"]
[BlackElo "2065"]
[WhiteElo "1865"]
[LiveChessVersion "1.4.8"]

1. e4 {[%clk 1:30:58]} e5 {[%clk 1:30:57]} 2. Nf3 {[%clk 1:31:21]} Nc6
{[%clk 1:31:23]} 3. d4 {[%clk 1:31:45]} exd4 {[%clk 1:31:47]} 4. Nxd4
{[%clk 1:32:08]} Qf6 {[%clk 1:32:10]} 5. Nxc6 {[%clk 1:32:32]} Bc5
{[%clk 1:32:32]} 6. Qf3 {[%clk 1:32:56]} Qxf3 {[%clk 1:32:50]} 7. gxf3
{[%clk 1:33:18]} bxc6 {[%clk 1:33:14]} 8. Be3 {[%clk 1:33:33]} Bxe3
{[%clk 1:33:37]} 9. fxe3 {[%clk 1:33:58]} d6 {[%clk 1:34:00]} 10. Nc3
{[%clk 1:33:51]} Nf6 {[%clk 1:34:15]} 11. Rg1 {[%clk 1:33:32]} g6
{[%clk 1:34:32]} 12. O-O-O {[%clk 1:32:13]} O-O {[%clk 1:34:42]} 13. Bd3
{[%clk 1:19:02]} Re8 {[%clk 1:34:54]} 14. Ne2 {[%clk 1:15:50]} d5
{[%clk 1:32:05]} 15. Ng3 {[%clk 1:10:51]} a5 {[%clk 1:28:04]} 16. Rge1
{[%clk 1:04:51]} Bb7 {[%clk 1:26:08]} 17. a3 {[%clk 0:58:24]} h5 {[%clk 1:25:11]}
18. h4 {[%clk 0:58:03]} Kg7 {[%clk 1:21:58]} 19. c4 {[%clk 0:51:18]} dxe4
{[%clk 1:10:49]} 20. Nxe4 {[%clk 0:47:23]} c5 {[%clk 1:10:30]} 21. Nxf6
{[%clk 0:36:34]} Kxf6 {[%clk 1:10:38]} 22. f4 {[%clk 0:34:48]} Be4
{[%clk 1:05:52]} 23. a4 {[%clk 0:26:33]} Rad8 {[%clk 1:00:38]} 24. Bxe4
{[%clk 0:25:17]} Rxd1+ {[%clk 1:01:01]} 25. Kxd1 {[%clk 0:25:39]} Rxe4
{[%clk 1:01:27]} 26. b3 {[%clk 0:25:39]} Kf5 {[%clk 1:01:31]} 27. Ke2
{[%clk 0:25:36]} Re8 {[%clk 0:51:27]} 28. Rd1 {[%clk 0:25:38]} Rb8
{[%clk 0:46:49]} 29. Rd5+ {[%clk 0:21:10]} Kg4 {[%clk 0:46:16]} 30. Rxc5
{[%clk 0:20:50]} Rxb3 {[%clk 0:45:55]} 31. Rxa5 {[%clk 0:19:59]} Rb4
{[%clk 0:40:31]} 32. Rc5 {[%clk 0:19:07]} Rxa4 {[%clk 0:38:46]} 33. Rxc7
{[%clk 0:19:25]} Kxh4 {[%clk 0:36:02]} 34. Rxf7 {[%clk 0:19:23]} Rxc4
{[%clk 0:36:21]} 35. Rg7 {[%clk 0:19:17]} Rc6 {[%clk 0:36:00]} 36. Kf3
{[%clk 0:19:21]} Ra6 {[%clk 0:35:48]} 37. Rg8 {[%clk 0:18:26]} Rb6
{[%clk 0:35:04]} 38. e4 {[%clk 0:12:57]} Kh3 {[%clk 0:33:11]} 39. f5
{[%clk 0:08:19]} gxf5 {[%clk 0:33:13]} 40. exf5 {[%clk 0:38:40]} Rb1
{[%clk 1:01:55]} 41. Kf4 {[%clk 0:35:33]} Rf1+ {[%clk 1:01:55]} 42. Ke5
{[%clk 0:35:55]} h4 {[%clk 1:02:05]} 43. f6 {[%clk 0:35:39]} Kh2 {[%clk 1:02:11]}
44. Rg4 {[%clk 0:33:44]} h3 {[%clk 1:02:30]} 45. Rf4 {[%clk 0:33:08]} Re1+
{[%clk 1:02:45]} 46. Kf5 {[%clk 0:31:47]} Re8 {[%clk 1:03:01]} 47. Rg4
{[%clk 0:31:53]} Rf8 {[%clk 1:03:09]} 48. Ke6 {[%clk 0:32:01]} Kh1
{[%clk 1:03:29]} 49. f7 {[%clk 0:32:13]} h2 {[%clk 1:03:52]} 50. Ke7
{[%clk 0:32:29]} Rxf7+ {[%clk 1:04:16]} 51. Kxf7 {[%clk 0:32:55]} 1/2-1/2

[Event "IMP Kobiet do lat 20"]
[Site "Chotowa"]
[Date "2023.10.31"]
[Round "3.9"]
[White "Slusarczyk, Anna"]
[Black "Barwinska, Ewa"]
[Result "0-1"]
[BlackElo "1974"]
[WhiteElo "1730"]
[LiveChessVersion "1.4.8"]

1. d4 {[%clk 1:29:14]} Nf6 {[%clk 1:30:52]} 2. Nf3 {[%clk 1:29:36]} d5
{[%clk 1:31:05]} 3. e3 {[%clk 1:29:04]} g6 {[%clk 1:31:22]} 4. Bd3
{[%clk 1:29:29]} Bg7 {[%clk 1:31:39]} 5. O-O {[%clk 1:29:55]} O-O
{[%clk 1:30:39]} 6. Nbd2 {[%clk 1:30:13]} c5 {[%clk 1:28:16]} 7. b3
{[%clk 1:30:02]} b6 {[%clk 1:26:41]} 8. Bb2 {[%clk 1:30:27]} Nc6 {[%clk 1:26:06]}
9. a3 {[%clk 1:30:48]} e6 {[%clk 1:22:23]} 10. Ne5 {[%clk 1:30:03]} Bb7
{[%clk 1:21:51]} 11. Nxc6 {[%clk 1:29:53]} Bxc6 {[%clk 1:22:19]} 12. a4
{[%clk 1:30:13]} Re8 {[%clk 1:12:21]} 13. Nf3 {[%clk 1:28:40]} Nd7
{[%clk 1:10:04]} 14. Ne5 {[%clk 1:25:46]} Nxe5 {[%clk 1:08:07]} 15. dxe5
{[%clk 1:26:11]} Qc7 {[%clk 1:03:57]} 16. f4 {[%clk 1:25:54]} c4 {[%clk 0:58:55]}
17. Be2 {[%clk 1:23:50]} b5 {[%clk 0:56:51]} 18. axb5 {[%clk 1:22:43]} Bxb5
{[%clk 0:57:06]} 19. Bd4 {[%clk 1:16:37]} a5 {[%clk 0:52:05]} 20. Qe1
{[%clk 1:07:56]} Bf8 {[%clk 0:47:24]} 21. Bc3 {[%clk 0:56:52]} a4
{[%clk 0:38:08]} 22. b4 {[%clk 0:54:55]} Reb8 {[%clk 0:28:52]} 23. Bd4
{[%clk 0:44:57]} c3 {[%clk 0:23:13]} 24. Bxb5 {[%clk 0:40:33]} Rxb5
{[%clk 0:23:42]} 25. Bxc3 {[%clk 0:39:46]} Qc4 {[%clk 0:23:13]} 26. Ra3
{[%clk 0:29:52]} Rxb4 {[%clk 0:19:50]} 27. Bxb4 {[%clk 0:27:24]} Bxb4
{[%clk 0:20:01]} 28. Qa1 {[%clk 0:27:46]} Bxa3 {[%clk 0:20:17]} 29. Qxa3
{[%clk 0:28:10]} Qxc2 {[%clk 0:19:53]} 30. Rc1 {[%clk 0:28:25]} Qe4
{[%clk 0:15:53]} 31. Qc3 {[%clk 0:16:22]} a3 {[%clk 0:09:47]} 32. Ra1
{[%clk 0:15:02]} a2 {[%clk 0:09:08]} 33. Qb3 {[%clk 0:14:13]} d4 {[%clk 0:08:23]}
34. Kf2 {[%clk 0:09:55]} Kg7 {[%clk 0:05:42]} 35. g4 {[%clk 0:09:00]} Rc8
{[%clk 0:05:04]} 36. Rxa2 {[%clk 0:08:54]} Rc3 {[%clk 0:05:16]} 37. Qd1
{[%clk 0:08:15]} Qxe3+ {[%clk 0:04:17]} 38. Kg2 {[%clk 0:08:38]} Rc1
{[%clk 0:04:13]} 0-1

[Event "IMP Kobiet do lat 20"]
[Site "Chotowa"]
[Date "2023.10.31"]
[Round "3.10"]
[White "Dylag, Emilia"]
[Black "Michalska, Lena"]
[Result "1/2-1/2"]
[BlackElo "1636"]
[WhiteElo "2163"]
[LiveChessVersion "1.4.8"]

1. d4 {[%clk 1:30:57]} Nf6 {[%clk 1:30:57]} 2. c4 {[%clk 1:31:17]} e6
{[%clk 1:31:21]} 3. g3 {[%clk 1:31:35]} c5 {[%clk 1:31:45]} 4. d5
{[%clk 1:31:38]} exd5 {[%clk 1:32:09]} 5. cxd5 {[%clk 1:32:01]} b5
{[%clk 1:32:34]} 6. e4 {[%clk 1:29:54]} Nxe4 {[%clk 1:24:37]} 7. Bg2
{[%clk 1:30:14]} Nd6 {[%clk 1:19:05]} 8. Nf3 {[%clk 1:27:15]} Be7
{[%clk 1:17:34]} 9. O-O {[%clk 1:26:59]} O-O {[%clk 1:17:59]} 10. Bf4
{[%clk 1:25:44]} Na6 {[%clk 1:05:49]} 11. Nc3 {[%clk 1:19:38]} Nc7
{[%clk 1:06:04]} 12. Re1 {[%clk 1:09:35]} Re8 {[%clk 1:03:58]} 13. Qc2
{[%clk 0:54:04]} h6 {[%clk 0:56:54]} 14. Rad1 {[%clk 0:39:15]} Bb7
{[%clk 0:39:00]} 15. Nh4 {[%clk 0:29:44]} Rb8 {[%clk 0:33:11]} 16. Bxd6
{[%clk 0:22:37]} Bxd6 {[%clk 0:33:34]} 17. Ne4 {[%clk 0:22:16]} Bf8
{[%clk 0:29:27]} 18. d6 {[%clk 0:12:03]} Na6 {[%clk 0:22:39]} 19. Qc3
{[%clk 0:07:49]} Re6 {[%clk 0:14:23]} 20. Nxc5 {[%clk 0:03:47]} Rxe1+
{[%clk 0:14:45]} 21. Rxe1 {[%clk 0:04:13]} Nxc5 {[%clk 0:15:08]} 22. Qxc5
{[%clk 0:04:36]} Bxg2 {[%clk 0:15:33]} 23. Kxg2 {[%clk 0:04:21]} Qb6
{[%clk 0:12:28]} 24. Qc7 {[%clk 0:03:26]} Qxd6 {[%clk 0:05:13]} 25. Qxd6
{[%clk 0:01:51]} Bxd6 {[%clk 0:05:37]} 26. Rd1 {[%clk 0:02:17]} Rb6
{[%clk 0:05:48]} 27. Nf5 {[%clk 0:02:39]} Be5 {[%clk 0:06:10]} 28. Rxd7
{[%clk 0:02:44]} Ra6 {[%clk 0:04:34]} 29. Ne7+ {[%clk 0:01:11]} Kh7
{[%clk 0:03:49]} 30. Nc8 {[%clk 0:01:15]} Rxa2 {[%clk 0:03:05]} 31. Nxa7
{[%clk 0:01:23]} Rxb2 {[%clk 0:02:41]} 32. Rd5 {[%clk 0:01:25]} Bf6
{[%clk 0:02:21]} 33. Nxb5 {[%clk 0:01:33]} Re2 {[%clk 0:02:16]} 34. Nd6
{[%clk 0:01:25]} Re7 {[%clk 0:01:57]} 1/2-1/2

[Event "IMP Kobiet do lat 20"]
[Site "Chotowa"]
[Date "2023.10.31"]
[Round "3.11"]
[White "Szopa, Emilia"]
[Black "Zgoda, Aleksandra"]
[Result "0-1"]
[BlackElo "1536"]
[WhiteElo "1706"]
[LiveChessVersion "1.4.8"]

1. e4 {[%clk 1:30:55]} c5 {[%clk 1:30:45]} 2. Nf3 {[%clk 1:30:55]} e6
{[%clk 1:30:39]} 3. d4 {[%clk 1:30:19]} cxd4 {[%clk 1:30:17]} 4. Nxd4
{[%clk 1:29:29]} a6 {[%clk 1:29:24]} 5. Bd3 {[%clk 1:29:16]} Qc7 {[%clk 1:28:50]}
6. O-O {[%clk 1:26:14]} Nf6 {[%clk 1:25:21]} 7. Qe2 {[%clk 1:24:40]} d6
{[%clk 1:20:27]} 8. c4 {[%clk 1:21:39]} Be7 {[%clk 1:18:31]} 9. Nc3
{[%clk 1:20:39]} O-O {[%clk 1:17:37]} 10. Be3 {[%clk 1:18:26]} Nc6
{[%clk 1:15:30]} 11. f4 {[%clk 1:13:36]} Nd7 {[%clk 1:10:28]} 12. Rac1
{[%clk 1:03:41]} Nxd4 {[%clk 1:01:27]} 13. Bxd4 {[%clk 1:04:00]} Nc5
{[%clk 0:55:49]} 14. Bb1 {[%clk 1:03:00]} b6 {[%clk 0:48:26]} 15. e5
{[%clk 0:47:01]} dxe5 {[%clk 0:40:31]} 16. Bxe5 {[%clk 0:33:38]} Bd6
{[%clk 0:35:42]} 17. Bd4 {[%clk 0:09:56]} Bb7 {[%clk 0:22:00]} 18. b4
{[%clk 0:08:29]} Nd7 {[%clk 0:21:45]} 19. Ne4 {[%clk 0:02:35]} Be7
{[%clk 0:12:37]} 20. Qg4 {[%clk 0:01:06]} g6 {[%clk 0:11:06]} 21. Ng5
{[%clk 0:01:24]} Bf6 {[%clk 0:07:44]} 22. Be3 {[%clk 0:00:41]} Bg7
{[%clk 0:05:46]} 23. Qe2 {[%clk 0:00:56]} Rac8 {[%clk 0:04:57]} 24. Qf2
{[%clk 0:01:13]} Qd6 {[%clk 0:04:10]} 25. Rfd1 {[%clk 0:01:25]} Qc7
{[%clk 0:04:03]} 26. Ne4 {[%clk 0:01:11]} Bxe4 {[%clk 0:03:49]} 27. Bxe4
{[%clk 0:01:38]} Rfd8 {[%clk 0:03:46]} 28. Bf3 {[%clk 0:01:35]} e5
{[%clk 0:02:15]} 29. fxe5 {[%clk 0:01:40]} Bxe5 {[%clk 0:02:43]} 30. g3
{[%clk 0:01:58]} h5 {[%clk 0:01:26]} 31. Bd5 {[%clk 0:02:11]} Rf8
{[%clk 0:01:11]} 32. Rf1 {[%clk 0:02:20]} Bf6 {[%clk 0:00:51]} 33. Bh6
{[%clk 0:01:42]} Rfd8 {[%clk 0:00:40]} 34. Qc2 {[%clk 0:01:29]} Kh7
{[%clk 0:00:38]} 35. Bxf7 {[%clk 0:01:01]} Bd4+ {[%clk 0:00:42]} 36. Kg2
{[%clk 0:00:51]} Ne5 {[%clk 0:00:53]} 37. Bf4 {[%clk 0:00:51]} Qxf7
{[%clk 0:00:59]} 38. Qe4 {[%clk 0:00:49]} Qe7 {[%clk 0:00:36]} 39. Rce1
{[%clk 0:01:00]} Rxc4 {[%clk 0:00:44]} 40. Bxe5 {[%clk 0:31:07]} Rxb4
{[%clk 0:30:40]} 41. Rf6 {[%clk 0:25:59]} Qe8 {[%clk 0:21:55]} 42. Bxd4
{[%clk 0:19:03]} Qxe4+ {[%clk 0:21:13]} 43. Rxe4 {[%clk 0:19:25]} Rdxd4
{[%clk 0:19:18]} 44. Re7+ {[%clk 0:19:34]} Kg8 {[%clk 0:13:43]} 45. Rxg6+
{[%clk 0:19:37]} Kf8 {[%clk 0:14:06]} 46. Rb7 {[%clk 0:19:18]} Rd2+
{[%clk 0:11:37]} 47. Kf3 {[%clk 0:18:36]} Rxa2 {[%clk 0:10:55]} 48. Rf6+
{[%clk 0:17:18]} Kg8 {[%clk 0:07:44]} 49. Rc6 {[%clk 0:15:04]} Ra3+
{[%clk 0:07:43]} 50. Kg2 {[%clk 0:15:23]} Rb2+ {[%clk 0:06:31]} 51. Kh3
{[%clk 0:15:45]} Rf3 {[%clk 0:06:14]} 52. Rg6+ {[%clk 0:15:15]} Kf8
{[%clk 0:05:25]} 53. Rc6 {[%clk 0:13:24]} Kg8 {[%clk 0:05:03]} 54. Rc8+
{[%clk 0:13:43]} Rf8 {[%clk 0:05:27]} 55. Rcc7 {[%clk 0:14:08]} Rff2
{[%clk 0:05:38]} 56. Kh4 {[%clk 0:13:07]} Rb5 {[%clk 0:02:24]} 57. h3
{[%clk 0:09:25]} a5 {[%clk 0:02:24]} 58. g4 {[%clk 0:09:28]} hxg4
{[%clk 0:02:43]} 59. hxg4 {[%clk 0:09:48]} Rf4 {[%clk 0:02:10]} 60. Rc8+
{[%clk 0:07:39]} Rf8 {[%clk 0:02:35]} 61. Rc6 {[%clk 0:06:51]} Rf7
{[%clk 0:01:11]} 62. Rb8+ {[%clk 0:05:59]} Rf8 {[%clk 0:00:46]} 63. Rb7
{[%clk 0:05:40]} Rf7 {[%clk 0:01:10]} 64. Rc8+ {[%clk 0:03:29]} Kg7
{[%clk 0:01:00]} 65. Rbb8 {[%clk 0:03:53]} Re7 {[%clk 0:01:04]} 66. g5
{[%clk 0:02:51]} Ree5 {[%clk 0:00:34]} 67. Rg8+ {[%clk 0:02:16]} Kf7
{[%clk 0:00:52]} 68. g6+ {[%clk 0:02:03]} Kf6 {[%clk 0:00:49]} 69. Rbf8+
{[%clk 0:02:18]} Ke6 {[%clk 0:00:45]} 70. Re8+ {[%clk 0:01:36]} Kf6
{[%clk 0:00:33]} 71. Ref8+ {[%clk 0:00:59]} Ke6 {[%clk 0:00:57]} 72. Re8+
{[%clk 0:01:25]} Kf6 {[%clk 0:01:05]} 73. Rc8 {[%clk 0:00:50]} Rb4+
{[%clk 0:01:10]} 74. Kg3 {[%clk 0:01:16]} Re7 {[%clk 0:00:37]} 75. Rc6+
{[%clk 0:01:21]} Kg5 {[%clk 0:00:45]} 76. g7 {[%clk 0:01:01]} Rb3+
{[%clk 0:00:51]} 77. Kf2 {[%clk 0:01:18]} a4 {[%clk 0:00:42]} 78. Rd8
{[%clk 0:00:40]} Rxg7 {[%clk 0:00:36]} 79. Rd5+ {[%clk 0:00:53]} Kh4
{[%clk 0:00:47]} 80. Rh6+ {[%clk 0:00:41]} Kg4 {[%clk 0:01:08]} 81. Rd4+
{[%clk 0:00:58]} Kg5 {[%clk 0:01:06]} 82. Rhd6 {[%clk 0:00:35]} Rf7+
{[%clk 0:00:59]} 83. Ke2 {[%clk 0:00:45]} a3 {[%clk 0:00:38]} 84. R6d5+
{[%clk 0:00:40]} Rf5 {[%clk 0:00:52]} 85. Rxf5+ {[%clk 0:00:39]} Kxf5
{[%clk 0:01:16]} 86. Ra4 {[%clk 0:00:59]} b5 {[%clk 0:01:01]} 87. Ra5
{[%clk 0:01:15]} Ke4 {[%clk 0:01:22]} 88. Kd2 {[%clk 0:01:41]} Kd4
{[%clk 0:01:37]} 89. Kc2 {[%clk 0:01:23]} Kc4 {[%clk 0:01:13]} 90. Ra8
{[%clk 0:01:46]} Rb2+ {[%clk 0:01:35]} 91. Kc1 {[%clk 0:02:04]} Kb3
{[%clk 0:01:30]} 92. Ra5 {[%clk 0:01:51]} b4 {[%clk 0:01:32]} 93. Rh5
{[%clk 0:01:41]} Rc2+ {[%clk 0:01:50]} 94. Kd1 {[%clk 0:02:04]} a2
{[%clk 0:01:46]} 0-1

[Event "IMP Kobiet do lat 20"]
[Site "Chotowa"]
[Date "2023.10.31"]
[Round "3.12"]
[White "Labedz, Gabriela"]
[Black "Woytitzki, Maja"]
[Result "1/2-1/2"]
[BlackElo "1295"]
[WhiteElo "1547"]
[LiveChessVersion "1.4.8"]

1. e4 {[%clk 1:30:58]} c5 {[%clk 1:30:55]} 2. Nc3 {[%clk 1:31:16]} d6
{[%clk 1:30:47]} 3. f4 {[%clk 1:31:36]} Nf6 {[%clk 1:30:59]} 4. Nf3
{[%clk 1:31:48]} a6 {[%clk 1:31:15]} 5. a4 {[%clk 1:30:44]} Nc6 {[%clk 1:30:53]}
6. Bc4 {[%clk 1:28:38]} e6 {[%clk 1:31:04]} 7. d3 {[%clk 1:27:48]} Be7
{[%clk 1:30:43]} 8. O-O {[%clk 1:27:16]} O-O {[%clk 1:31:05]} 9. Qe1
{[%clk 1:24:59]} d5 {[%clk 1:28:09]} 10. Bb3 {[%clk 1:21:00]} dxe4
{[%clk 1:26:40]} 11. dxe4 {[%clk 1:19:45]} Nd4 {[%clk 1:24:30]} 12. e5
{[%clk 1:12:08]} Nxb3 {[%clk 1:23:48]} 13. exf6 {[%clk 1:02:59]} Nxa1
{[%clk 1:24:00]} 14. fxe7 {[%clk 1:03:03]} Qxe7 {[%clk 1:24:14]} 15. Qf2
{[%clk 1:01:12]} b6 {[%clk 1:21:30]} 16. Be3 {[%clk 0:57:08]} Nxc2
{[%clk 1:21:47]} 17. Qxc2 {[%clk 0:57:28]} h6 {[%clk 1:21:44]} 18. g4
{[%clk 0:53:24]} e5 {[%clk 1:18:44]} 19. f5 {[%clk 0:49:56]} e4 {[%clk 1:16:46]}
20. Nd5 {[%clk 0:46:54]} Qd8 {[%clk 1:15:12]} 21. Qxe4 {[%clk 0:45:48]} Ra7
{[%clk 1:12:49]} 22. f6 {[%clk 0:40:40]} Re8 {[%clk 1:09:45]} 23. Ne7+
{[%clk 0:39:21]} Raxe7 {[%clk 1:09:18]} 24. fxe7 {[%clk 0:38:31]} Rxe7
{[%clk 1:09:31]} 25. Qf4 {[%clk 0:37:05]} Qe8 {[%clk 1:05:41]} 26. Bd2
{[%clk 0:32:49]} Re4 {[%clk 1:05:06]} 27. Re1 {[%clk 0:29:55]} Rxe1+
{[%clk 1:02:42]} 28. Nxe1 {[%clk 0:29:01]} Bd7 {[%clk 1:02:18]} 29. b3
{[%clk 0:26:45]} Qe6 {[%clk 1:02:29]} 30. g5 {[%clk 0:21:27]} hxg5
{[%clk 1:01:43]} 31. Qxg5 {[%clk 0:21:25]} Qg4+ {[%clk 1:01:22]} 32. Qxg4
{[%clk 0:20:40]} Bxg4 {[%clk 1:01:46]} 33. Nc2 {[%clk 0:18:19]} Be6
{[%clk 1:01:59]} 34. Na1 {[%clk 0:17:45]} b5 {[%clk 1:01:39]} 35. a5
{[%clk 0:17:34]} Bf5 {[%clk 1:01:59]} 36. Kf2 {[%clk 0:16:19]} f6
{[%clk 1:01:49]} 37. Be3 {[%clk 0:16:31]} c4 {[%clk 1:02:07]} 38. bxc4
{[%clk 0:15:55]} bxc4 {[%clk 1:02:25]} 39. Ke2 {[%clk 0:15:57]} Kf7
{[%clk 1:02:32]} 40. Kd2 {[%clk 0:45:51]} Ke6 {[%clk 1:32:18]} 41. Nc2
{[%clk 0:45:04]} Bxc2 {[%clk 1:32:15]} 42. Kxc2 {[%clk 0:45:28]} Kd5
{[%clk 1:32:39]} 43. Kc3 {[%clk 0:43:32]} g5 {[%clk 1:32:52]} 44. Bd4
{[%clk 0:42:41]} f5 {[%clk 1:33:16]} 45. Bf6 {[%clk 0:38:26]} g4 {[%clk 1:33:37]}
46. Bg5 {[%clk 0:36:59]} Kc5 {[%clk 1:33:54]} 47. Be3+ {[%clk 0:36:25]} Kd5
{[%clk 1:34:10]} 48. Bd4 {[%clk 0:32:33]} f4 {[%clk 1:32:00]} 49. Bf6
{[%clk 0:29:11]} Kc5 {[%clk 1:30:36]} 50. Bd4+ {[%clk 0:28:41]} 1/2-1/2